Wireless networks (Record no. 8165)

000 -LEADER
fixed length control field 00635 a2200157 4500
020 ## - INTERNATIONAL STANDARD BOOK NUMBER
International Standard Book Number 0470845295
040 ## - CATALOGING SOURCE
Original cataloging agency DLC
Language of cataloging DLC
082 ## - DEWEY DECIMAL CLASSIFICATION NUMBER
Classification number 621.382
245 00 - TITLE STATEMENT
Title Wireless networks
Statement of responsibility, etc. P. Nicopolitidis ... [et al.].
260 ## - PUBLICATION, DISTRIBUTION, ETC.
Place of publication, distribution, etc. Chichester, West Sussex :
Name of publisher, distributor, etc. J. Wiley,
Date of publication, distribution, etc. c2003.
300 ## - PHYSICAL DESCRIPTION
Extent xvi, 405 p. :
Other physical details ill. ;
Dimensions 25 cm.
520 1# - SUMMARY, ETC.
Summary, etc. "This volume provides engineers, researchers, postgraduates and senior undergraduate students with an accessible self-contained reference to all of the key areas of wireless networks."--BK JACKET.
650 #0 - SUBJECT ADDED ENTRY--TOPICAL TERM
Topical term or geographic name entry element Wireless communication systems.
700 1# - ADDED ENTRY--PERSONAL NAME
Personal name Nicopolitidis, P.
942 ## - ADDED ENTRY ELEMENTS (KOHA)
Koha item type Book
Call number prefix 621.382 NIC
Source of classification or shelving scheme
Holdings
Withdrawn status Lost status Damaged status Not for loan Collection code Permanent Location Current Location Shelving location Date acquired Source of acquisition Cost, normal purchase price Total Checkouts Full call number Barcode Date last seen Date last checked out Price effective from Koha item type
          Central Library (CL) Central Library (CL) General Stacks 05/29/2003 Allied Book Company 4180.80 2 621.382 NIC SEECS003455 03/17/2019 02/11/2019 01/05/2017 Book
          Central Library (CL) Central Library (CL) General Stacks 07/02/2003 NIMS Photocopier 466.00   621.382 NIC SEECS003589 11/14/2012   01/05/2017 Book
          Central Library (CL) Central Library (CL) General Stacks 07/02/2003 NIMS Photocopier 466.00   621.382 NIC SEECS003590 11/14/2012   01/05/2017 Book
          Central Library (CL) Central Library (CL) General Stacks 06/18/2004 Progressive International Agencies 338.83   621.382 NIC SEECS004606 11/14/2012   01/05/2017 Book
          Central Library (CL) Central Library (CL) General Stacks 08/11/2004 Book Field 338.83   621.382 NIC SEECS004670 11/14/2012   01/05/2017 Book
© 2023 Central Library, National University of Sciences and Technology. All Rights Reserved.